Feyenoord Trivia - Statistics

General Stats
  • This quiz has been taken 341 times
    222 since last reset
  • The average score is 10 of 15
Answer Stats
Question Answer % Correct
Who is the current head coach of Feyenoord? Arne Slot
93%
What is the name of Feyenoord’s stadium? Stadion Feyenoord
91%
With which club does Feyenoord contest De Klassieker? Ajax
89%
Which Dutchman is Feyenoord’s all-time record goalscorer with 118? Dirk Kuyt
83%
Who is Feyenoord’s record sale, joining Liverpool for £16.2m in 2006? Dirk Kuyt
83%
Who won two KNVB Cups with Feyenoord as a player, before returning as manager and winning the 2016-17 Eredivisie? Giovanni van Bronckhorst
75%
Who is the current captain of Feyenoord? Gernot Trauner
69%
Who scored a brace for Feyenoord as they beat Borussia Dortmund in the 2002 UEFA Cup Final? Pierre van Hooijdonk
66%
Who are Feyenoord’s record signings, arriving for £9m from Cercle Brugge in 2023? Ayase Ueda
64%
Which club did Feyenoord beat in the 1970 European Cup Final? Celtic
63%
Who was the last Feyenoord player to win the Eredivisie Golden Boot, scoring 15 goals in the 2019-20 season? Steven Berghuis
55%
What is Feyenoord’s nickname, which translates into English as “The Club on the Meuse”? De club aan de Maas
52%
Which player scored the 117th-minute winner for Feyenoord in the 1970 European Cup Final? Ove Kindvall
33%
Which manager guided Feyenoord to the 1969-70 European Cup and the 1970-71 Eredivisie? Ernst Happel
29%
Which Dutchman holds the record for most Feyenoord appearances with 406? Wim Jansen
20%
No matching quizzes found
Score Distribution
Percent of People with Each Score
Percentile by Number Answered
Your Score History
You have not taken this quiz since the last reset